03337cam a22004334i 4500003000900000005001700009008004100026020003200067035002700099035002100126040012000147050002200267082001900289100003600308245012000344264004200464300006000506336002100566337002500587338002300612504004000635504003500675505079800710520118601508526001002694526001002704526001002714526001002724526000802734526000802742526000802750526000802758526000802766526000802774526000802782630003902790700004202829700003202871PE-LiUPU20250731173046.0101130s2011 mnua rb 001 0 eng d a9780800697730q(alk. paper) a(Sirsi) i9780800697730 a(OCoLC)646121910 aDLCbspacDLCdYDXdBTCTAdYDXCPdSLTdBWXdCDXdBHAdXPQdBDXdBMSdOCLCQdOCLCOdOCLCFdOCLCQdMORdPE-LiUPUerda00aBS2332b.E37 201100a225.1bE342221 aEhrman, Bart D.d1955- ,eautor14aThe reliability of the New Testament /cBart D. Ehrman & Daniel B. Wallace in dialogue ; Robert B. Stewart, editor. 1aMinneapolis :bFortress Press,c2011. axix, 220 páginas :bilustraciones ;c23 centímetros atext2rdacontent aunmediated2rdamedia avolume2rdacarrier aBibliografía : páginas 187-215. aÍndices : páginas 217-220.0 aIntroduction : Why New Testament textual criticism matters : a non-critic's perspective / Robert B. Stewart -- The textual reliability of the New Testament : a dialogue / Bart D. Ehrman and Daniel B. Wallace -- Text and transmission in the second century / Michael W. Holmes -- The necessity of a theology of Scripture / Dale B. Martin -- What is the text of the New Testament? / David Parker -- Who changed the text and why? : probable, possible, and unlikely explanations / William Warren -- Assessing the stability of the transmitted texts of the New Testament and the Shepherd of Hermas / K. Martin Heide -- Textual criticism and textual confidence : how reliable is Scripture? / Craig A. Evans -- Authors or preservers? : scribal culture and the theology of Scriptures / Sylvie T. Raquel.8 a"This volume highlights points of agreement and disagreement between two leading scholars on the subject of the textual reliability of the New Testament: Bart Ehrman, James A. Gray Distinguished Professor at the University of North Carolina at Chapel Hill and author of the best-selling book Misquoting Jesus: The Story Behind Who Changed the Bible and Why, and Daniel Wallace, Professor of New Testament Studies at Dallas Theological Seminary and Executive Director of the Center for the Study of New Testament Manuscripts. This conversation between Ehrman and Wallace allows the reader to see in print how each presents his position in light of the other's. Contributions follow from an interdisciplinary team featuring specialists in biblical studies, philosophy, and theology. The textual reliability of the New Testament is logically prior to its interpretation and thus important for the Christian religion. This book provides interested readers a fair and balanced case for both sides and allows them to decide for themselves: What does it mean for a text to be textually reliable? How reliable is the New Testament? How reliable is reliable enough?"--Publisher description. aSEG42 aSEG41 aSEG40 aSEG39 aP94 aP87 aP86 aP85 aP77 aP76 aP3504aBiblia.pN.T.xCrítica, Textual.1 aStewart, Robert B.,d1957- ,eeditor.1 aWallace, Daniel B.,eautor.